000 01095cam a2200217 4500
001 ABS65956
008 020925n2002 000 0 eng u
035 _a(Sirsi) u119851
100 _aCockram, A
245 _aChina on a plate
260 _c2002
490 _aEstates Gazette
_v(0232) 10 August 2002, 35-37(3)
520 _aExamines how China aims to cultivate Western business with fiscal incentives for investment after its' admission to the World Trade Organisation. Interviews with DTZ experts Edward Cheung and Jeffrey Shen. Highlights the improvements following WTO membership including tariffs to fall, VAT to become deductable, import quotas to be abolished, increased transparency and foreign companies allowed to operate in the service sector. Copies of DTZ's research "China's accession to the WTO: impacts on multinationals" are available from its London head office t +44 (0)20 7408 1161 or www.dtz.com/
590 _aABS
650 _aCHINA
650 _aWTO
650 _aWORLD TRADE ORGANISATION
650 _aMULTINATIONALS
690 _aINVESTMENT
942 _n0
999 _c71230
_d71230